| 000 | 00538nam a2200193Ia 4500 | ||
|---|---|---|---|
| 005 | 20250508163740.0 | ||
| 008 | 008 250505s9999 xx 000 0 eng d | ||
| 020 | _a81-7169-549-3 | ||
| 037 | _aTextual | ||
| 040 |
_aFEDL _beng _cFEDL |
||
| 041 |
_aeng _2eng |
||
| 084 |
_a374, ANI _qFEDL |
||
| 100 | _aAnil Kumar | ||
| 245 | 0 | _aLearner performance in distance education | |
| 260 |
_aNew Delhi, India _bCommonewalth Publishers _c1999 |
||
| 300 | _axxii,191p. | ||
| 942 |
_cTEXL _h374, ANI |
||
| 999 |
_c1385051 _d1385051 |
||